| 000 | 00740nam a2200241Ia 4500 | ||
|---|---|---|---|
| 008 | 191130s2000##################000#0#eng## | ||
| 020 | _a9780195652345 | ||
| 040 |
_aACL _cACL |
||
| 082 | _a338.9 LAL | ||
| 100 | _aLal, Deepak | ||
| 245 |
_aThe poverty of "development economics" _cDeepak Lal |
||
| 260 |
_aOxford _bOxford University Press _cc2000 |
||
| 300 | _axxii, 175 p. : ill. ; 23 cm | ||
| 500 | _aPreviously published: London : Institute of Economic Affairs, 1983 | ||
| 650 | _aDeveloping countries | ||
| 650 | _aDevelopment economics | ||
| 650 | _aEconomic development | ||
| 650 | _aEconomic history | ||
| 650 | _aIndustrial policy | ||
| 990 | _af30be68bac10000c6a703d29b7d541d7 | ||
| 991 | _a254094 | ||
| 999 |
_c65012 _d65012 |
||